000 00510nam a2200217Ia 4500
003 OSt
005 20220926044833.0
006 a|||||r|||| 00| 0
007 ta
008 220923b |||||||| |||| 00| 0 eng d
037 _cGeneral Book
040 _aRTL
_cRTL
_beng
041 _2eng
_aeng
082 _aX65n2,N36, H1
110 _aMadras
245 0 _aInvestors encyclopdia
260 _c1941
700 _aMadras
942 _hX65n2,N36, H1
_cGB
_2CC
999 _c675908
_d675908